000 00908nam a22002297a 4500
999 _c15805
_d15805
003 AR-CdUCM
008 190306b ||||| |||| 00| 0 esp d
040 _aMUNICIPALIDAD PROVINCIAL DEL CUSCO
_cBIBLIOTECA MUNICIPAL DEL CUSCO
082 _a868.6 /
_bC46
100 _aCela, Camilo José
_9347
245 _aLa familia de Pascual Duarte /
260 _aLima ;
_bTawantinsuyu,
_c1960.
300 _a152 páginas ;
_c17 cm.
440 _aFestival de la literatura española contemporánea ;
_n5
_935002
505 _aContenido: Prologo de G. Marañón -- Nota del transcriptor -- Carta anunciando el envío del original -- Clausula del testamento ológrafo de don Joaquín Barrera López ...
650 _aNovelas españolas
_9584
650 _aSiglo XX.
_98
650 _aViolencia en la literatura
_910674
650 _aLiteratura contemporánea
_9759
942 _2ddc
_cLIBROS
945 _aacv
_d2019-04-30